30 Famous People from Canada - Statistics

General Stats
  • This quiz has been taken 337 times
    109 since last reset
  • The average score is 15 of 30
Answer Stats
Hint Answer % Correct
Prime minister of Canada from 2015 to 2025 Justin Trudeau
92%
Singer from Quebec who performed the main song for the movie Titanic Celine Dion
83%
Actor who played in Ace Ventura: Pet Detective, Liar Liar and The Truman Show Jim Carrey
80%
Actor best known for his role as Neo in The Matrix series Keanu Reeves
77%
Widely considered the greatest hockey player ever Wayne Gretzky
76%
Actor famous for playing Marty McFly in the Back to the Future trilogy Michael J. Fox
74%
Actress who starred in the television series Baywatch Pamela Anderson
74%
Discovered on YouTube in 2007, became one of the most popular artists in the world Justin Bieber
72%
Director of the movies Terminator 2, Titanic and Avatar James Cameron
71%
Actor known for his starring role as Chandler Bing on the sitcom Friends Matthew Perry
70%
Singer-songwriter whose most famous song is Hallelujah Leonard Cohen
66%
Singer whose famous singles are You Oughta Know and Ironic Alanis Morissette
62%
Actor, formerly know as Ellen, who publicly came out as transgender in 2020 Elliot Page
57%
Poet and novelist known for books The Handmaid's Tale and The Testaments Margaret Atwood
50%
Singer who is referred to as 'The Queen of Country Pop' Shania Twain
50%
Actress known for her roles in The Notebook and Mean Girls Rachel McAdams
45%
Singer whose song was featured in the movie Robin Hood: Prince of Thieves Bryan Adams
43%
Canadian-American, inventor of the game of basketball James Naismith
41%
First Prime Minister of Canada from 1867 to 1873 and from 1878 to 1891 John A. Macdonald
41%
Point guard in the NBA who was league's MVP in 2005 and 2006 Steve Nash
37%
Ice hockey player who played his whole NHL career with the Pittsburgh Penguins Mario Lemieux
34%
Point guard in the NBA who was league's MVP in 2025 Shai Gilgeous-Alexander
31%
Television producer known for creating and producing Saturday Night Live Lorne Michaels
30%
Canadian-American singer who became famous with hit song Diana Paul Anka
30%
Canadian-British boxer regarded as one of the greatest heavyweight boxers ever Lennox Lewis
24%
Formula One world champion in 1997 Jacques Villeneuve
22%
Prime Minister of Canada and the winner of the Nobel Prize for Peace in 1957 Lester B. Pearson
22%
Greatest Canadian sprinter of all time who once held the world record for the 100 m Donovan Bailey
19%
First Canadian to walk in space who served as commander of the ISS Chris Hadfield
17%
Supermodel from the 1990s who dated actor Kyle MacLachlan Linda Evangelista
10%
No matching quizzes found
Score Distribution
Percent of People with Each Score
Percentile by Number Answered
Your Score History
You have not taken this quiz since the last reset